Politique Française en G - Statistiques

Statistiques générales
  • Ce quiz a été pris 285 fois
  • Le résultat moyen est 6 sur 10
Statistiques - réponses
Hint Réponse % Correct
Militaire, résistant et homme politique, il est le premier président de la 5e République. Charles de Gaulle
96%
Ancien président de la République de 1974 à 1981 Valéry Giscard d’Estaing
95%
Titre attribué au ministre de la justice Garde des Sceaux
93%
Mouvement contestataire apparu en fin 2018 en réaction à l’augmentation des prix de l’essence, au cours duquel de nombreuses violences policières et manifestantes ont eu lieu. Gilets Jaunes
89%
Fondateur du Parti Place Publique, il est tête de liste du Parti Socialiste aux élections européennes de 2024. Raphaël Glucksmann
73%
Débat public organisé en 2019 par Emmanuel Macron suite au mouvement contestataire évoqué plus haut. Grand Débat
50%
Ancien socialiste, il a participé à la fondation d’En Marche auprès d’Emmanuel Macron. Porte parole du gouvernement, il démissionne pour se présenter à la mairie de Paris en 2020. Il jettera l'éponge à la suite de la divulgation de vidéos à caractère sexuel. Benjamin Griveaux
43%
Subdivision de la Gendarmerie Nationale chargée des missions de sécurité et d’honneur auprès des hautes autorités de l’Etat. Garde Républicaine
42%
Mouvement politique créé en 2017 par Benoît Hamon suite à son départ du Parti Socialiste Génération.s
40%
Ministre de l’Education Nationale au sein du gouvernement Barnier depuis septembre 2024 Anne Genetet
28%
Aucun quiz correspondant
Distribution des résultats
% des personnes avec chaque résultat
Percentile par nombre de réponses
Votre historique - résultats
Vous n’avez pas pris ce quiz